Movies Quiz

Random Movies or Oscar Quiz

Every Single Best Actor Nominee Quiz Stats

 Plays Quiz Updated Nov 13, 2018

Challenge
Share
Tweet
Embed
Score 0/230 Timer 20:00
2 Plays Today
Actor % Correct
Robert de Niro
89.6%
Tom Hanks
89.6%
Casey Affleck
89%
Al Pacino
88.5%
Marlon Brando
88.4%
Denzel Washington
88%
Dustin Hoffman
87.7%
Brad Pitt
87.2%
Tom Cruise
87.1%
Philip Seymour Hoffman
87%
Matt Damon
86.9%
Jack Nicholson
86.8%
George Clooney
86.8%
Leonardo DiCaprio
86.7%
Bradley Cooper
85.7%
Tommy Lee Jones
84.4%
Morgan Freeman
84.2%
James Earl Jones
83.7%
Will Smith
83.4%
Robin Williams
83.2%
Clint Eastwood
82.9%
Paul Newman
82.8%
James Stewart
82.8%
Michael Douglas
82.6%
Kirk Douglas
82.3%
Humphrey Bogart
81.8%
Melvyn Douglas
81.2%
Clark Gable
81.2%
Gary Cooper
81.2%
Robert Redford
80.9%
Russell Crowe
80.6%
Ed Harris
80.5%
Richard Harris
80.5%
Harrison Ford
80.5%
Cary Grant
80.3%
Daniel Day-Lewis
79.8%
Woody Allen
79.5%
Christian Bale
79.3%
Johnny Depp
79%
Anthony Hopkins
78.9%
Henry Fonda
78.5%
Sean Penn
78.1%
Laurence Olivier
78%
Peter Fonda
78%
Jackie Cooper
77.9%
John Wayne
77.7%
Gene Hackman
77.2%
Sidney Poitier
77.1%
Peter O'Toole
76.8%
Colin Firth
76.6%
Jeff Bridges
76.1%
Jack Lemmon
76%
Kevin Costner
74.9%
Jamie Foxx
74.8%
Robert Duvall
74.7%
Michael Caine
74.5%
Eddie Redmayne
74.1%
Michael Keaton
74%
Gregory Peck
73.8%
Rex Harrison
73.1%
Nicolas Cage
73%
Spencer Tracy
72.7%
Kevin Spacey
72.5%
John Travolta
72.3%
F. Murray Abraham
72%
Forest Whitaker
71.3%
Ben Kingsley
71%
Sylvester Stallone
71%
Liam Neeson
70.9%
Richard Burton
70.9%
Ralph Fiennes
70.7%
Frank Sinatra
70.3%
Warren Beatty
70.2%
Charlton Heston
69.8%
William Hurt
69.8%
Matthew McConaughey
69.7%
John Hurt
69.6%
Actor % Correct
James Cagney
69.6%
Jon Voight
68.3%
George C. Scott
68.3%
Hugh Jackman
68.1%
James Dean
68.1%
Terrence Howard
67.5%
Leslie Howard
67.4%
Alec Guinness
67.3%
Trevor Howard
67.3%
Heath Ledger
67.3%
Alan Arkin
67.2%
Javier Bardem
67.1%
Burt Lancaster
66.9%
Walter Matthau
66.9%
Robert Downey Jr
66.5%
Charles Chaplin
66.4%
Adrien Brody
66.3%
Benedict Cumberbatch
66.2%
Richard Dreyfuss
66.1%
Bing Crosby
65.8%
Lionel Barrymore
65.5%
Geoffrey Rush
65.4%
Ian McKellen
65.1%
Jude Law
65%
Ernest Borgnine
65%
Jean Dujardin
64.8%
William Holden
64.3%
Gene Kelly
64.2%
Andrew Garfield
64.1%
Roberto Benigni
63.7%
Dudley Moore
63.5%
Bill Murray
63.4%
Jeremy Irons
63.3%
Peter Finch
62.7%
Orson Welles
62.5%
Steve McQueen
62.3%
Edward Norton
62%
Yul Brynner
61.3%
Rock Hudson
60.8%
Michael Fassbender
60.5%
Tony Curtis
60.4%
Steve Carell
60.4%
Gary Oldman
60.3%
Albert Finney
60.2%
Don Cheadle
59.8%
Ryan Gosling
59.6%
James Woods
59.5%
David Niven
59.1%
Joaquin Phoenix
58.9%
Nick Nolte
58.7%
Montgomery Clift
58.5%
Fredric March
58.1%
Rod Steiger
58.1%
Mickey Rourke
57.9%
Cliff Robertson
57.9%
Ryan O'Neal
57.8%
Tom Hulce
57.6%
Walter Huston
57.4%
Bruce Dern
57.2%
Peter Sellers
57%
Woody Harrelson
56.9%
Viggo Mortensen
56.3%
Jeremy Renner
56.2%
Mickey Rooney
56.2%
Anthony Quinn
56.2%
James Franco
56%
Charles Laughton
55.6%
Broderick Crawford
55.4%
Laurence Fishburne
55.3%
Bryan Cranston
55.2%
Art Carney
54.9%
Kenneth Branagh
54.8%
Lee Marvin
54.7%
Chiwetel Ejiofor
54.6%
Roy Scheider
54.5%
Maximillian Schell
54.5%
Paul Scofield
54.3%
Actor % Correct
Gerard Depardieu
54.2%
James Garner
53.8%
Paul Muni
53.3%
Jesse Eisenberg
52.8%
James Mason
52.7%
Warner Baxter
52.7%
George Arliss
52.4%
Wallace Beery
52.1%
Max von Sydow
51.9%
Robert Donat
51.1%
Bob Hoskins
50.9%
Timothée Chalamet
49.9%
Ray Milland
49.9%
Alan Bates
49.8%
Tom Wilkinson
49.8%
Michael Redgrave
49.6%
Stephen Rea
49%
Billy Bob Thornton
48.8%
Emil Jannings
48.2%
Daniel Kaluuya
47.9%
Jose Ferrer
47.2%
John Garfield
46.8%
Topol
46.8%
Marcello Mastroianni
46.6%
Richard Farnsworth
46.5%
Gary Busey
46.4%
Ronald Colman
46%
Lew Ayres
45.7%
Arthur Kennedy
45.5%
Sam Waterston
45.4%
Richard Jenkins
45.1%
Frank Morgan
45%
Frank Langella
44.5%
James Whitmore
44.2%
William Powell
43.5%
George Bancroft
43.4%
Victor McLaglen
43.2%
Cornel Wilde
43.1%
Nigel Hawthorne
43%
Tom Courtenay
42.8%
Stuart Whitman
42.7%
Tom Conti
42.6%
Robert Montgomery
42.4%
Maurice Chevalier
42.3%
Charles Boyer
42.1%
Demian Bichir
42.1%
Edward James Olmos
42%
Lewis Stone
41.6%
Paul Lukas
41.6%
Monty Woolley
41.4%
Chester Morris
41.3%
Barry Fitzgerald
41.2%
Dexter Gordon
41.1%
Massimo Troisi
40.4%
David Strathairn
40.3%
Franchot Tone
40.2%
Laurence Harvey
40.1%
Paul Winfield
39.7%
Walter Pidgeon
39.6%
Raymond Massey
39.3%
Clifton Webb
38.8%
Richard Dix
38.5%
Ron Moody
37.5%
Oskar Werner
37.4%
Giancarlo Giannini
36.9%
Don Dailey
36.8%
Richard Barthelmess
36.3%
Richard Todd
36.2%
Alfred Lunt
33.7%
Anthony Franciosa
33.3%
Larry Parks
33.2%
Dan O'Herlihy
32.1%
Louis Calhern
31.9%
Alexander Knox
31.9%
Adolphe Menjou
31.5%
Laurence Tibbett
29.4%

You're not logged in!

Compare scores with friends on all Sporcle quizzes.
OR
Log In

You Might Also Like...

Show Comments

Extras

Top Quizzes Today


Score Distribution

Your Account Isn't Verified!

In order to create a playlist on Sporcle, you need to verify the email address you used during registration. Go to your Sporcle Settings to finish the process.

Report this User

Report this user for behavior that violates our Community Guidelines.

Details: